The secret country

Bibliographic Details
Main Author: Johnson, Jane
Format: Book
Published: London : Simon and Schuster , 2006
Subjects:

MARC

LEADER 00000cam a2200000 7i4500
001 0000006363
005 20160330.0
008 070816
020 |a 0689860803 
090 0 0 |a JOH   |b ENG (7929) 
100 1 |a Johnson, Jane 
245 1 4 |a The secret country   |c Jane Johnson 
260 |a London :   |b Simon and Schuster ,   |c 2006 
500 |a Teenager ages 13-18 years old (blue) 
650 0 |a Adventure and adventurerers   |x Fiction 
650 0 |a Teenagers   |x English   |x Languages 
999 |a 0000991312   |b Book   |c Teenagers   |e Perbadanan Perpustakaan Awam Johor 
999 |a 0000991313   |b Book   |c Teenagers   |e Perbadanan Perpustakaan Awam Johor